US States Quiz- No "America" Letters - Statistics

General Stats
  • This quiz has been taken 23 times
  • The average score is 30 of 50
Answers on the Map
Answers color-coded by a green-red scale on the quiz's map according to % correct below.
 
Answer Stats
Answer % Correct
N
89%
Dho
83%
Flod
72%
Lb
72%
Lsk
72%
Ontn
72%
Hw
67%
Llnos
67%
Lousn
67%
Ndn
67%
Nvd
67%
Oho
67%
Sssspp
67%
Txs
67%
Uth
67%
Wshngton
67%
Gog
61%
Hgn
61%
Knss
61%
Knss
61%
Kntuky
61%
Nnsot
61%
Noth Oln
61%
Ow
61%
South Oln
61%
Ssou
61%
Zon
61%
Lfon
56%
Noth Dkot
56%
Nw Jsy
56%
Nw Xo
56%
Nw Yok
56%
Ogon
56%
Olodo
56%
Pnnsylvn
56%
South Dkot
56%
Sshustts
56%
Tnnss
56%
Ylnd
56%
Dlw
50%
Hod Slnd
50%
Oklho
50%
Vgn
50%
Vont
50%
Wsonsn
50%
Wst Vgn
50%
Wyong
50%
Nbsk
44%
Onntut
44%
Nw Hsph
0%
No matching quizzes found
Score Distribution
Percent of People with Each Score
Percentile by Number Answered
Your Score History
You have not taken this quiz